00857nam a22002417a 450000500170000001000130001702000100003003500130004003700160005304000120006908200110008110000270009224500960011926000290021527000690024430000200031365000300033365000310036370000240039494200200041899900190043895201580045720170124110123.0 aA-486333 c00.00 aA-486333 bCen Lib/Ret aDPLbEN aSbSAL aSalwi, Dilip M.931043 aThe robots are coming :cby Dilip M. salwi; illustrated by C. M. Salvibstories of robots / aDelhibRatna Sagarc1989 bDelhiaVirat Bhawan, Mukherjee Nagar, Commercial Complexe110009 a93p. c22cm(Hb) aRobots, Industrial931044 aAutomatic machinery931045 aSalvi, C. M.931035 2ddccENhSmSAL c131166d131166 04104070aLbLd2015-07-13eCen Lib/Retg0.00l0oS SALpA-486333r2015-07-13 00:00:00t1v0.00w2015-07-13yENzW/d List No. 6859/16 ; dtd 04/08/2020